|
|
|
|
| LEADER |
01517nam a22003017a 4500 |
| 001 |
33938 |
| 003 |
BD-DhAAL |
| 005 |
20181112130649.0 |
| 008 |
181112r20182011bg a|||| b||| 00| 0 ben d |
| 999 |
|
|
|c 40199
|d 40199
|
| 020 |
|
|
|a 9847016201530
|
| 040 |
|
|
|a BD-DhAAL
|
| 041 |
|
|
|a ben
|a eng
|
| 082 |
|
|
|2 22
|a 954.9205092
|
| 100 |
|
|
|a বিপ্লব, মাহবুবুল আলম
|9 28826
|
| 245 |
|
|
|a বঙ্গবন্ধু ও বাংলাদেশ দুটি নাম একটি ইতিহাস /
|c মাহবুবুল আলম বিপ্লব
|
| 246 |
|
|
|a Bongobondhu o bangladesh duti naam akti etihah
|
| 260 |
|
|
|a ঢাকা :
|b পার্ল পাবলিকেশন্স,
|c ২০১১ [২০১৮ চতুর্থ মুদ্রণ]
|
| 300 |
|
|
|a ২৩৯ পৃষ্ঠা :
|b চিত্র ;
|c ২২ সে.মি.
|
| 504 |
|
|
|a গ্রন্থপঞ্জিগত নির্দেশিকা অন্তভূক্ত
|
| 526 |
|
|
|a AAL
|
| 541 |
|
|
|a Boibazar.com
|e 33938
|
| 600 |
|
|
|a Mujibur Rahman,
|c Sheikh,
|d 1920-1975
|x Political and social views
|9 28827
|
| 651 |
|
|
|a Bangladesh
|x Politics and government
|9 28828
|
| 651 |
|
|
|a Bangladesh
|x History
|y Revolution, 1971
|9 28829
|
| 852 |
|
|
|a Ayesha Abed Library
|c Bangabandhu Corner
|
| 942 |
|
|
|2 ddc
|c BK
|
| 952 |
|
|
|0 0
|1 0
|2 ddc
|4 0
|6 954_920509200000000_BIP
|7 0
|9 64589
|a BRACUL
|b BRACUL
|c BNC
|d 2018-11-01
|e Boibazar.com
|g 720.00
|l 1
|m 5
|o 954.9205092 BIP
|p 3010033938
|r 2022-03-31
|s 2020-03-10
|t 1
|v 720.00
|w 2018-11-01
|y BK
|